000 02130nam0a2200361 4500
001 RU\NLR\bibl\1805104
005 20260408044406.0
021 _aRU
_b2011-58013
_94106
035 _a(nilc)RSL-KNO-004981249
035 _a(NLR Aleph) 001795750
090 _a1780849
_c1780849
100 _a20110802d2010 |||y0rusy50 ca
101 0 _arus
102 _aRU
105 _ay |||||||||
200 1 _aПреподавание гуманитарных дисциплин в вузах медико-биологического профиля
_eтезисы докладов Межвузовской научно-практической конференции
_f[под ред. к.филол.н., доц. А.О. Власовой, преп. О.А. Лебеденко]
210 _aСанкт-Петербург
_cИзд-во СПбГМУ
_d2010
215 _a44 с.
_d21
300 _aВ надзаг.: М-во здравоохранения и социал. развития РФ, С.-Петерб. гос. мед. ун-т им. акад. И.П. Павлова
320 _aБиблиогр. в конце ст.
606 1 _aРусский язык
_jТезисы докладов
_xПреподавание нерусским
_xВысшие медицинские учебные заведения
_92226666
_3RU\NLR\auth\661336680
686 _aС.р(2)3-3я431(2)
_2rubbk
686 _aЧ486.132я431
702 1 _4340
_8rus
_7ca
_aВласова
_bА. О.
_cканд. филол. наук, русский язык
_gАлександра Олеговна
_3RU\NLR\auth\77110678
_993603
711 1 2 _a"Преподавание гуманитарных дисциплин в вузах медико-биологического профиля", межвузовская научно-практическая конференция
_f2010
_eСанкт-Петербург
_3RU\NLR\AUTH\8810192734
_9275485
801 0 _aRU
_bRuMoRKP
_c20110802
_grcr
801 1 _aRU
_bРГБ
_c20110802
801 2 _aRU
_bNLR
_c20110905
_grcr
830 _aред. в кат. нет
942 _cBOOK
980 _aNB